Visualizzazione normale
Vista MARC
- Bordoni, Marcello,
di Personal Name
Records bibliografici associati: 1
001 - CONTROL NUMBER
- control field: 26823
003 - CONTROL NUMBER IDENTIFIER
- control field: IT-RoINE
005 - DATE AND TIME OF LATEST TRANSACTION
- control field: 20161013063138.0
008 - FIXED-LENGTH DATA ELEMENTS
- fixed length control field: 161013|| aca||aabn | a|a d
040 ## - CATALOGING SOURCE
- Original cataloging agency: IT-RoINE
- Transcribing agency: IT-RoINE
100 ## - HEADING--PERSONAL NAME
- Personal name: Bordoni, Marcello,
- Dates associated with a name: 1930-2013
- General subdivision: Crítica e interpretación
670 ## - SOURCE DATA FOUND
- Source citation: Work cat.: (IT-RoINE)0: Varela Vázquez, David 26822, Cristo, centro de la historia, en la obra cristológica de Marcello Bordoni y Olegario González de Cardedal /, 2014.